| 000 | 00610nam a2200241Ia 4500 | ||
|---|---|---|---|
| 008 | 190123s9999 xx 000 0 und d | ||
| 020 | _a9780545249348 | ||
| 050 | _bM596 2012 | ||
| 100 | _aMetzger, Steve | ||
| 245 | 0 | _aPluto visits earth! / | |
| 245 | 0 | _cby Steve Metzger ; illustrated by Jared Lee. | |
| 260 | _aNew York, New York : | ||
| 260 | _bScholastic, | ||
| 260 | _c2012 | ||
| 300 | _aunpaged : | ||
| 300 | _bcolored illustrations ; | ||
| 300 | _c26cm. | ||
| 500 | _a380L | ||
| 650 | _aPluto (Dwarf planet). | ||
| 650 | _aSolar system. | ||
| 700 | _aLee, Jared. | ||
| 700 | _aTitle. | ||
| 999 |
_c361070 _d361070 |
||